000 00428nam a2200157Ia 4500
003 Ost
005 20260225132538.0
008 260225s9999||||xx |||||||||||||| ||und||
040 _cfsic
041 _afre
082 _a302.072
100 _aAlain laramée et bernard vallée
_eAuteur
245 0 _aLa recherche en communication-élement de la méthodologie /
245 0 _cAlain laramée et bernard vallée
942 _cكتاب
999 _c33309
_d33309